Bytový dom

Enregistré dans:
Détails bibliographiques
Auteur principal: Drblíková, Aneta (Auteur)
Autres auteurs: Hanko, Martin (Directeur de thèse)
Format: Manuscrit Livre
Langue:slovaque
Publié: 2015
Sujets:
Accès en ligne:http://is.stuba.sk/zp/portal_zp.pl?podrobnosti=116494
https://opac.crzp.sk/?fn=detailBiblioForm&sid=FF44C990A7CA883E4D8A58929FD7
Tags: Ajouter un tag
Pas de tags, Soyez le premier à ajouter un tag!

MARC

LEADER 00000ntm a22000003a 4500
001 stuzp52405
003 SK-STU
005 20230810092616.2
007 ta
008 150427s2015----xo-----f-mn---000-0-slo-d
040 |a STU  |b slo 
041 0 |a slo 
100 1 |a Drblíková, Aneta  |u 010270  |4 aut  |U SvF Stavebná fakulta  |T SvF Katedra technológie stavieb  |X 55021  |U V270  |Y 28  |7 55021 
242 0 1 |a Apartment Building  |y eng 
245 1 0 |a Bytový dom 
260 |c 2015 
650 4 |a debnenie  |2 slo 
650 4 |a stropná doska  |2 slo 
650 4 |a bytový dom  |2 slo 
650 4 |a formwork  |2 eng 
650 4 |a concrete slab  |2 eng 
650 4 |a reinforced concrete  |2 eng 
700 1 |a Hanko, Martin  |4 ths  |X 49405  |7 A000049405 
856 4 |u http://is.stuba.sk/zp/portal_zp.pl?podrobnosti=116494 
856 4 |u https://opac.crzp.sk/?fn=detailBiblioForm&sid=FF44C990A7CA883E4D8A58929FD7 
SQL |a stuzp52405  |b DBP  |c SLO  |d Bytový dom  |e 55021  |f Drblíková, Aneta  |g 010270  |h 49405  |i Hanko, Martin  |j 20150623  |k 6  |l 01  |m http://is.stuba.sk/zp/portal_zp.pl?podrobnosti=116494  |n B-TMS  |o 5.2.8. stavebníctvo